El financiamiento público de la investigación en salud en la Argentina (Registro nro. 15918)

Detalles MARC
000 -LEADER
fixed length control field 00402 a2200121 4500
001 - CONTROL NUMBER
control field ART_2700
005 - DATE AND TIME OF LATEST TRANSACTION
control field 20260410161709.0
008 - FIXED-LENGTH DATA ELEMENTS--GENERAL INFORMATION
fixed length control field 260409a
100 1# - MAIN ENTRY--PERSONAL NAME
Personal name Maceira, Daniel
245 10 - TITLE STATEMENT
Title El financiamiento público de la investigación en salud en la Argentina
700 1# - ADDED ENTRY--PERSONAL NAME
Personal name Peralta Alcat, Martín
773 0# - HOST ITEM ENTRY
Title Desarrollo económico
Related parts - Vol. 48, Nº 189 (abr./jun. 2008)
Record control number REV1174

No hay ítems disponibles.